Write better, speak better. (Record no. 946)

000 -LEADER
fixed length control field 00609nam a2200193 a 4500
001 - CONTROL NUMBER
control field :::00014125$&:&@@
003 - CONTROL NUMBER IDENTIFIER
control field OkBaRHE
005 - DATE AND TIME OF LATEST TRANSACTION
control field 20100325145155.0
008 - FIXED-LENGTH DATA ELEMENTS--GENERAL INFORMATION
fixed length control field s1972 j 000 0 eng u
040 ## - CATALOGING SOURCE
Transcribing agency
245 10 - TITLE STATEMENT
Title Write better, speak better.
260 ## - PUBLICATION, DISTRIBUTION, ETC. (IMPRINT)
Place of publication, distribution, etc Pleasantville, NY., :
Name of publisher, distributor, etc Reader's Digest Association
Date of publication, distribution, etc 1972
300 ## - PHYSICAL DESCRIPTION
Extent 730 p. ;
Dimensions 24 cm.
650 ## - SUBJECT ADDED ENTRY--TOPICAL TERM
Topical term or geographic name as entry element English Language
General subdivision Grammar
-- 1950-
650 ## - SUBJECT ADDED ENTRY--TOPICAL TERM
Topical term or geographic name as entry element English Language
General subdivision Rhetoric
650 ## - SUBJECT ADDED ENTRY--TOPICAL TERM
Topical term or geographic name as entry element Public Speaking
942 ## - ADDED ENTRY ELEMENTS (KOHA)
Source of classification or shelving scheme
Koha item type Books
Copies
Damaged status Lost status Shelving location Permanent Location Source of classification or shelving scheme Barcode Copy number Withdrawn status Koha item type Not for loan Full call number Collection code Price effective from Date acquired Date last seen
  General StacksRHEMA Bible Training College 141251 Books PE 1408 .W77Reference2010-04-142010-04-142010-04-14